书目信息 |
| 题名: |
学前识字1680字
|
|
| 作者: | 张芳 主编 | |
| 分册: | 2 进阶篇 | |
| 出版信息: | 长春 东北师范大学出版社 2018.09 |
|
| 页数: | 60页 | |
| 开本: | 24cm | |
| 丛书名: | ||
| 单 册: | ||
| 中图分类: | G613.2 | |
| 科图分类: | ||
| 主题词: | 识字课--shi zi ke--学前教育--教学参考资料 | |
| 电子资源: | ||
| ISBN: | 978-7-5681-5051-4 | |
| 000 | 01051nam0 2200241 450 | |
| 001 | 469610 | |
| 005 | 20201119145714.85 | |
| 010 | @a978-7-5681-5051-4@dCNY17.00 | |
| 100 | @a20190731d2018 bemy0chiy50 ea | |
| 101 | 0 | @achi |
| 102 | @aCN@b220000 | |
| 105 | @aa z 000yy | |
| 106 | @ar | |
| 200 | 1 | @a学前识字1680字@9xue qian shi zi 1680 zi@i进阶篇@h2@f张芳主编 |
| 210 | @a长春@c东北师范大学出版社@d2018.09 | |
| 215 | @a60页@c彩图@d24cm | |
| 300 | @a幼小衔接入学准备 | |
| 330 | @a本书精选了1680个常用的汉字为学习重点,由易到难,让孩子循序渐进地认识汉字。本书彩色插图,色彩鲜艳,风格活泼。由字到句,由易到难,让孩子循序渐进地认识汉字,其中还能更早地接触到英文单词,有效地加深印象,进一步丰富孩子的词汇量和知识面。本书让孩子通过图像记忆的思维方式,能有效地从看图读拼音开始识字。基本的单字学习,可以激发孩子的想象能力和学习兴趣,促进孩子的语言表达能力。 | |
| 606 | 0 | @a识字课@9shi zi ke@x学前教育@j教学参考资料 |
| 690 | @aG613.2@v5 | |
| 701 | 0 | @a张芳@9zhang fang@4主编 |
| 801 | 0 | @aCN@bBJSZM@c20201119 |
| 905 | @b1267878-9@dG613.2@e1459:2@f2 | |
| 学前识字1680字.进阶篇.2/张芳主编.-长春:东北师范大学出版社,2018.09 |
| 60页:彩图;24cm |
| 幼小衔接入学准备 |
| ISBN 978-7-5681-5051-4:CNY17.00 |
| 本书精选了1680个常用的汉字为学习重点,由易到难,让孩子循序渐进地认识汉字。本书彩色插图,色彩鲜艳,风格活泼。由字到句,由易到难,让孩子循序渐进地认识汉字,其中还能更早地接触到英文单词,有效地加深印象,进一步丰富孩子的词汇量和知识面。本书让孩子通过图像记忆的思维方式,能有效地从看图读拼音开始识字。基本的单字学习,可以激发孩子的想象能力和学习兴趣,促进孩子的语言表达能力。 |
| ● |
| 相关链接 |
|
|
|
|
正题名:学前识字1680字
索取号:G613.2/1459:2
 
预约/预借
| 序号 | 登录号 | 条形码 | 馆藏地/架位号 | 状态 | 备注 |
| 1 | 1267878 | 212678789 | 第一样本阅览室/ [索取号:G613.2/1459:2] | 在馆 | |
| 2 | 1267879 | 212678798 | 第四借阅区/ [索取号:G613.2/1459:2] | 在馆 |